Kỹ thuật trồng bon sai

Zapisane w:
Opis bibliograficzny
Format: Książka
Język:Undetermined
Wydane: H. Mỹ Thuật 2003
Hasła przedmiotowe:
Etykiety: Dodaj etykietę
Nie ma etykietki, Dołącz pierwszą etykiete!
Thư viện lưu trữ: Trung tâm Học liệu Trường Đại học Cần Thơ
LEADER 00495nam a2200169Ia 4500
001 CTU_57126
008 210402s9999 xx 000 0 und d
020 |b 65000 
082 |a 635.9772 
082 |b K600 
245 0 |a Kỹ thuật trồng bon sai 
245 0 |c Trần Văn Huân và Văn Tích Lượm biên dịch 
260 |a H. 
260 |b Mỹ Thuật 
260 |c 2003 
650 |a bonsai,plants, ornamental 
980 |a Trung tâm Học liệu Trường Đại học Cần Thơ